Detalles MARC
| 000 -LIDER |
| fixed length control field |
02401cam a2200289 a 4500 |
| 001 - NÚMERO DE CONTROL |
| Identificador de número de control |
|
| 003 - IDENTIFICACDOR DE NÚMERO DE CONTROL |
| control field |
DO-SdBNP |
| 005 - DATE AND TIME OF LATEST TRANSACTION |
| control field |
20220506091802.0 |
| 008 - ELEMENTOS DE LONGITUD FIJA |
| fixed length control field |
980911s1998 dr ab b 000 0dspa |
| 040 ## - FUENTE DE CATALOGACIÓN |
| Agencia que crea de manera original el registro |
BPMSU |
| Idioma de catalogación |
spa |
| Agencia que realiza la transcripción |
BPMSU |
| 082 ## - NÚMERO DE CLASIFICACIÓN DECIMAL DE DEWEY |
| Classification number |
972.9302 |
| Item number |
U26e 1998 |
| Edition number |
22 |
| 100 1# - ASIENTO PRINCIPAL -- NOMBRE PERSONAL |
| Nombre personal |
Ugarte, María, |
| Fechas asociadas con el nombre |
1914-2011. |
| 245 10 - MENCIÓN DE TITULO |
| Título |
Estampas coloniales / |
| Mención de responsabilidad |
Maria Ugarte. |
| 260 ## - PUBLICACIÓN, DISTRIBUCIÓN, ETC. (PIE DE IMPRENTA) |
| Lugar de publicación, distribución, etc |
Santo Domingo : |
| Nombre del editor, distribuidor, etc. |
Comisión Permanente de la Feria Nacional del Libro, |
| Fecha de publicación, distribución, etc |
1998. |
| 300 ## - DESCRIPCIÓN FÍSICA |
| Extensión |
2 v. : |
| Otros detalles físicos |
ill., maps ; |
| Dimensiones |
23 cm. |
| 500 ## - NOTA GENERAL |
| Materiales especificados |
Incluye datos biográficos del autor en la solapa de la cubierta |
| 504 ## - NOTA DE BIBLIOGRAFÍA, ETC. |
| Bibliography, etc |
Bibliografía : (p. 335-340). |
| 505 0# - NOTA DE CONTENIDO |
| Texto normalizado de contenido |
v. 1. Siglo XVI -- v. 2. Siglos XVII-XVIII-XIX. |
| 505 0# - NOTA DE CONTENIDO |
| Texto normalizado de contenido |
En los tiempos de Ovando v.1 17 -- Oviedo, personaje polémico y fecundo cronista v.1 99 -- Los ingeniosos relatos del licenciado Méndez Nieto v.1 203 -- De aqui y de allá. Miscelanea v.1 325 -- Sobre devastaciones, milagros, arzobispos y otros temas v.2 17 -- No hay más ley ni más rey que don Rodrigo Pimentel v.2 65 -- Las elocuentes cartas de Fray Domingo Fernández de Navarrete 111 -- Varios v.2 135 -- Luis Joseph Peguero, el hatero historiador 161 -- Festejos oficiales v.2 213 -- Costumbres. Creencias y diversiones v.2 233 -- Ordenanzas sobre el régimen y gobierno de la isla v.2 273 -- Tras el Tratado de Basilea v.2 291 -- La España Boba, Bando de urrutia (1814) v.2 305 |
| 505 0# - NOTA DE CONTENIDO |
| Texto normalizado de contenido |
En los tiempos de Ovando v.1 17 -- Oviedo, personaje polémico y fecundo cronista v.1 99 -- Los ingeniosos relatos del licenciado Méndez Nieto v.1 203 -- De aqui y de allá. Miscelanea v.1 325 -- Sobre devastaciones, milagros, arzobispos y otros temas v.2 17 -- No hay más ley ni más rey que don Rodrigo Pimentel v.2 65 -- Las elocuentes cartas de Fray Domingo Fernández de Navarrete 111 -- Varios v.2 135 -- Luis Joseph Peguero, el hatero historiador 161 -- Festejos oficiales v.2 213 -- Costumbres. Creencias y diversiones v.2 233 -- Ordenanzas sobre el régimen y gobierno de la isla v.2 273 -- Tras el Tratado de Basilea v.2 291 -- La España Boba, Bando de urrutia (1814) v.2 305 |
| 590 ## - NOTA LOCAL |
| Enlace |
Inventariado, 2022/VM |
| 651 #4 - ENCABEZAMIENTO DE MATERIA--NOMBRE GEOGRÁFICO |
| Nombre geográfico |
República Dominicana |
| Subdivisión temática general |
Historia |
| Subdivisión cronológica |
Colonia 1503-1795 |
| 651 #4 - ENCABEZAMIENTO DE MATERIA--NOMBRE GEOGRÁFICO |
| Nombre geográfico |
República Dominicana |
| Subdivisión temática general |
Vida social y costumbres. |
| 710 2# - ASIENTO SECUNDARIO -- NOMBRE CORPORATIVO |
| Nombre corporativo o de jurisdicción |
Comisión Permanente de la Feria Nacional del Libro (República Dominicana) |
| 910 ## - VALIDACIÓN |
| Validación |
VMateo V. |
| 942 ## - ADDED ENTRY ELEMENTS (KOHA) |
| Source of classification or shelving scheme |
Dewey Decimal Classification |
| Koha item type |
Libros |